| 000 | 01279nam a2200325Ia 4500 | ||
|---|---|---|---|
| 001 | ebr10279498 | ||
| 003 | CaPaEBR | ||
| 006 | m u | ||
| 007 | cr cn||||||||| | ||
| 008 | 960327s1997 nyu sb 001 0 eng d | ||
| 010 | _z 96007929 | ||
| 020 | _z0195095359 (alk. paper) | ||
| 020 | _z9780195095357 | ||
| 040 |
_aCaPaEBR _cCaPaEBR |
||
| 035 | _a(OCoLC)252594883 | ||
| 050 | 1 | 4 |
_aHQ777.5 _b.G74 1997eb |
| 082 | 0 | 4 |
_a306.874 _220 |
| 100 | 1 | _aGreif, Geoffrey L. | |
| 245 | 1 | 0 |
_aOut of touch _h[electronic resource] : _bwhen parents and children lose contact after divorce / _cGeoffrey L. Greif. |
| 260 |
_aNew York : _bOxford University Press, _c1997. |
||
| 300 | _aviii, 240 p. | ||
| 504 | _aIncludes bibliographical references and index. | ||
| 533 |
_aElectronic reproduction. _bPalo Alto, Calif. : _cebrary, _d2009. _nAvailable via World Wide Web. _nAccess may be limited to ebrary affiliated libraries. |
||
| 650 | 0 |
_aChildren of divorced parents _xPsychology. |
|
| 650 | 0 | _aChildren of divorced parents. | |
| 650 | 0 |
_aDivorce _xPsychological aspects. |
|
| 655 | 7 |
_aElectronic books. _2local |
|
| 710 | 2 | _aebrary, Inc. | |
| 856 | 4 | 0 |
_uhttp://site.ebrary.com/lib/rucke/Doc?id=10279498 _zAn electronic book accessible through the World Wide Web; click to view |
| 999 |
_c4538 _d4538 |
||